La puerta olvidada

Đã lưu trong:
Chi tiết về thư mục
Tác giả chính: Maar, Paul (autor)
Định dạng: Sách
Ngôn ngữ:Tiếng Tây Ban Nha
Được phát hành: Bogotá Norma 1991
Loạt:Torre de Papel
Những chủ đề:
Các nhãn: Thêm thẻ
Không có thẻ, Là người đầu tiên thẻ bản ghi này!

MARC

LEADER 00000nam a2200000 a 4500
001 UCH7038
003 CL-VaPUC
008 091109e19910000ck |||||||||||||||||spa|d
020 |a 9580414890 
082 0 4 |a 833  |b MAA  |2 21 
100 |a Maar, Paul  |e autor  |9 543519 
245 1 3 |a La puerta olvidada 
300 |a 61 p 
942 |c BK 
945 |d 20091109 00:00:00  |a ccalabra 
260 |a Bogotá  |b Norma  |c 1991 
500 |a Torre Roja a partir de 7 años 
650 0 |a Literatura  |9 259151 
650 0 |a Literatura alemana   |9 265457 
650 0 |a Literatura infantil   |9 307465 
650 0 |a Cuentos infantiles  |9 308044 
650 7 |a ESCRITORES INFANTILES  |2 CL-VaPUC  |9 543520 
650 0 |a Ficción   |9 376687 
650 0 |a Lectura  |9 307634 
650 0 |a Narrativa  |9 336727 
651 0 |a Alemania  |9 255688 
583 |a last modification  |c 20171128 02:41:09  |k Rodrigo Vera 
490 0 |a Torre de Papel 
999 |c 337793  |d 337791